[Event "SVE Seniors op 2nd"]
[Site "Eidelstedt"]
[Date "2019.08.05"]
[Round "7"]
[White "Berking, Bernhard"]
[Black "Hotze, Kurt"]
[Result "1/2-1/2"]
[WhiteElo "1627"]
[BlackElo "1700"]
[PlyCount "52"]
[EventDate "2019.07.15"]
[EventType "swiss"]
[EventRounds "7"]
[EventCountry "GER"]
[SourceTitle "EXT 2020"]
[Source "ChessBase"]
[SourceDate "2019.10.17"]
[SourceVersion "1"]
[SourceVersionDate "2019.10.17"]
[SourceQuality "1"]

1. c4 Nf6 2. Nc3 g6 3. d4 d5 4. cxd5 Nxd5 5. Nf3 Bg7 6. e4 Nb6 7. Bb5+ c6 8. Be2 Bg4 9. Be3 N8d7 10. 0-0 Bxf3 11. Bxf3 Nc4 12. Qe2 Nxe3 13. fxe3 0-0 14. Rad1 Qc7 15. Rd2 a6 16. Rfd1 b5 17. Qe1 Rad8 18. e5 Nb6 19. b3 b4 20. Ne4 Nd5 21. Rc2 Qb6 22. Rdc1 Rc8 23. Nc5 Rfd8 24. Bxd5 cxd5 25. Na4 Qb8 26. Qh4 Rxc2 1/2-1/2

[Event "Pinneberg-ch"]
[Site "Pinneberg"]
[Date "2018.09.27"]
[Round "7"]
[White "Grothkopp, Dietrich"]
[Black "Hotze, Kurt"]
[Result "1/2-1/2"]
[WhiteElo "1695"]
[BlackElo "1569"]
[PlyCount "27"]
[EventDate "2018.08.16"]
[EventType "swiss"]
[EventRounds "7"]
[EventCountry "GER"]
[SourceTitle "EXT 2019"]
[Source "ChessBase"]
[SourceDate "2018.10.10"]
[SourceVersion "1"]
[SourceVersionDate "2018.10.10"]
[SourceQuality "1"]

1. d4 d5 2. c4 Nc6 3. Nf3 Bg4 4. e3 e5 5. dxe5 d4 6. a3 dxe3 7. Qxd8+ Rxd8 8. Bxe3 Nxe5 9. Nbd2 Nxf3+ 10. Nxf3 Bxf3 11. gxf3 Be7 12. Bg2 b6 13. f4 c5 14. 0-0 1/2-1/2

[Event "Pinneberg-ch"]
[Site "Pinneberg"]
[Date "2018.08.16"]
[Round "1"]
[White "Pill, Bernhard"]
[Black "Hotze, Kurt"]
[Result "1/2-1/2"]
[WhiteElo "2016"]
[BlackElo "1569"]
[PlyCount "42"]
[EventDate "2018.08.16"]
[EventType "swiss"]
[EventRounds "7"]
[EventCountry "GER"]
[SourceTitle "EXT 2019"]
[Source "ChessBase"]
[SourceDate "2018.10.10"]
[SourceVersion "1"]
[SourceVersionDate "2018.10.10"]
[SourceQuality "1"]

1. Nf3 Nf6 2. d4 d5 3. c4 e6 4. g3 c5 5. Bg2 Nc6 6. cxd5 Nxd5 7. 0-0 Be7 8. Nc3 Nxc3 9. bxc3 0-0 10. Rb1 a5 11. e4 cxd4 12. cxd4 b6 13. Be3 Ba6 14. d5 Bxf1 15. Bxb6 Bxg2 16. Bxd8 Bxf3 17. Qxf3 Nxd8 18. Qf4 exd5 19. Qc7 Bb4 20. exd5 f6 21. Rb3 Nf7 1/2-1/2

[Event "Hamburg-chA"]
[Site "Hamburg"]
[Date "2017.06.10"]
[Round "6"]
[White "Grube, Bernd"]
[Black "Hotze, Kurt"]
[Result "1-0"]
[WhiteElo "1558"]
[BlackElo "1729"]
[PlyCount "21"]
[EventDate "2017.06.03"]
[EventType "swiss"]
[EventRounds "7"]
[EventCountry "GER"]
[SourceTitle "CBM 179 Extra"]
[Source "ChessBase"]
[SourceDate "2017.08.23"]
[SourceVersion "1"]
[SourceVersionDate "2017.08.23"]
[SourceQuality "1"]

1. d4 Nf6 2. Bf4 d5 3. e3 c5 4. c3 Qb6 5. Qc1 Bf5 6. Nf3 Nc6 7. Na3 e6 8. Nb5 Ne4 9. Nc7+ Kd7 10. Nxa8 Bd6 11. Nxb6+ 1-0

[Event "Pinneberg-ch"]
[Site "Pinneberg"]
[Date "2016.09.15"]
[Round "3"]
[White "Schmidt, Roland"]
[Black "Hotze, Kurt"]
[Result "1-0"]
[WhiteElo "1782"]
[BlackElo "1557"]
[PlyCount "87"]
[EventDate "2016.09.01"]
[EventType "swiss"]
[EventRounds "7"]
[EventCountry "GER"]
[SourceTitle "EXT 2018"]
[Source "ChessBase"]
[SourceDate "2017.10.13"]
[SourceVersion "1"]
[SourceVersionDate "2017.10.13"]
[SourceQuality "1"]

1. e4 e6 2. d4 d5 3. Nd2 Nf6 4. Bd3 c5 5. c3 Nc6 6. e5 Nd7 7. Ne2 Qb6 8. Nf3 cxd4 9. cxd4 Be7 10. 0-0 f6 11. exf6 Nxf6 12. a3 Bd7 13. Bg5 Rc8 14. b4 a6 15. Nc1 Qc7 16. Nb3 Ng4 17. Bxe7 Nxe7 18. h3 Nf6 19. Nc5 0-0 20. Rc1 Nf5 21. Qb3 Qf4 22. Rcd1 Nh4 23. Nxh4 Qxh4 24. Nxb7 Bb5 25. Nc5 Bxd3 26. Qxd3 Ne4 27. Nxe4 dxe4 28. Qxa6 Qf6 29. d5 Rce8 30. dxe6 Rxe6 31. Qc4 Kh8 32. Qd4 Qg5 33. Qc5 Qf6 34. b5 h6 35. a4 Rfe8 36. a5 Re5 37. Qb4 Rg8 38. Rde1 Qg6 39. Re3 Rg5 40. Qxe4 Qf7 41. Qb4 Rf5 42. Qb2 Qa7 43. Ra3 Qf7 44. a6 1-0

[Event "Pinneberg-ch"]
[Site "Pinneberg"]
[Date "2016.09.08"]
[Round "2"]
[White "Hotze, Kurt"]
[Black "Engels, Jan"]
[Result "1-0"]
[WhiteElo "1557"]
[BlackElo "1329"]
[PlyCount "99"]
[EventDate "2016.09.01"]
[EventType "swiss"]
[EventRounds "7"]
[EventCountry "GER"]
[SourceTitle "EXT 2018"]
[Source "ChessBase"]
[SourceDate "2017.10.13"]
[SourceVersion "1"]
[SourceVersionDate "2017.10.13"]
[SourceQuality "1"]

1. d4 d5 2. Nf3 Nf6 3. e3 Bg4 4. h3 Bh5 5. g4 Bg6 6. Ne5 e6 7. h4 h5 8. Nxg6 fxg6 9. g5 Ne4 10. Bd3 Bd6 11. Nd2 Rf8 12. Nxe4 dxe4 13. Bxe4 c6 14. Bxg6+ Kd7 15. a3 Na6 16. Bd2 Kc7 17. Bxh5 c5 18. c3 b6 19. Qe2 Nb8 20. b4 Nc6 21. Qc4 Qe7 22. 0-0-0 Rxf2 23. Bg4 Re8 24. Rdf1 Ref8 25. Rxf2 Rxf2 26. Rf1 Rxf1+ 27. Qxf1 Bg3 28. Qh3 Bd6 29. Bxe6 cxb4 30. axb4 a5 31. e4 axb4 32. e5 Bxe5 33. dxe5 bxc3 34. Bxc3 Qc5 35. Qd3 Nxe5 36. Qc2 Nc6 37. Qh2+ Kb7 38. Qc2 Ka6 39. Bc8+ Kb5 40. Qb2+ Nb4 41. Qxb4+ Qxb4 42. Bxb4 Kxb4 43. Kd2 Kc5 44. Ke3 Kd6 45. Kf4 b5 46. Kf5 Ke7 47. Kg6 Kf8 48. Be6 Ke7 49. Bb3 Kf8 50. Ba2 1-0

[Event "Hamburg-ch Seniors 22nd"]
[Site "Hamburg"]
[Date "2015.10.30"]
[Round "3"]
[White "Hotze, Kurt"]
[Black "Ditmas, Hugh"]
[Result "0-1"]
[WhiteElo "1738"]
[BlackElo "1905"]
[PlyCount "148"]
[EventDate "2015.10.28"]
[EventType "swiss"]
[EventRounds "9"]
[EventCountry "GER"]
[SourceTitle "EXT 2018"]
[Source "ChessBase"]
[SourceDate "2017.10.13"]
[SourceVersion "1"]
[SourceVersionDate "2017.10.13"]
[SourceQuality "1"]

1. e4 c5 2. Nf3 Nc6 3. Bb5 e6 4. 0-0 Nge7 5. c3 a6 6. Ba4 b5 7. Bc2 Ng6 8. d4 cxd4 9. cxd4 d5 10. e5 Be7 11. Ne1 0-0 12. f4 f5 13. Be3 Bd7 14. Nd2 Rc8 15. a3 Na5 16. b4 Nc4 17. Qe2 Qb6 18. Nb3 Nxe3 19. Qxe3 Qc7 20. Nc5 Bxc5 21. bxc5 a5 22. Rf3 Ra8 23. Rh3 Rfb8 24. Nf3 h6 25. Nh4 Nxh4 26. Rxh4 b4 27. a4 Ra7 28. Bb3 Qd8 29. Rh3 Kh7 30. Qd3 Be8 31. Qc2 Rbb7 32. Rc1 g6 33. Qd1 Rg7 34. Kh1 g5 35. fxg5 Rxg5 36. Qd2 Rag7 37. Rc2 Bc6 38. Qe3 Qe8 39. Ra2 Qg6 40. Qd2 Rh5 41. Rxh5 Qxh5 42. Bd1 Qg5 43. g3 Rb7 44. Qxg5 hxg5 45. Bb3 Kg6 46. Kg2 Rh7 47. Rf2 Kf7 48. Bc2 Rh8 49. Bb3 Ke7 50. Bd1 Kd7 51. Bb3 Bb7 52. Rc2 Kc6 53. Rf2 Ba6 54. Kf3 Bc4 55. Bc2 Rb8 56. Bb1 Bb3 57. Ke3 Bxa4 58. Ra2 Bb5 59. Rxa5 Rh8 60. Bd3 f4+ 61. gxf4 gxf4+ 62. Kxf4 Bxd3 63. Ra2 b3 64. Rd2 Bc4 65. Kg5 Ra8 66. Kf6 Ra2 67. Rd1 Rxh2 68. Rg1 b2 69. Kxe6 Bd3 70. Rg8 Ba6 71. Rd8 Rh6+ 72. Ke7 b1Q 73. Rd6+ Rxd6 74. exd6 Bc8 0-1

[Event "Pinneberg op Seniors 16th"]
[Site "Pinneberg"]
[Date "2015.08.06"]
[Round "6"]
[White "Engels, Jan"]
[Black "Hotze, Kurt"]
[Result "1/2-1/2"]
[WhiteElo "1353"]
[BlackElo "1577"]
[PlyCount "105"]
[EventDate "2015.07.02"]
[EventType "swiss"]
[EventRounds "7"]
[EventCountry "GER"]
[SourceTitle "EXT 2017"]
[Source "ChessBase"]
[SourceDate "2016.10.25"]
[SourceVersion "1"]
[SourceVersionDate "2016.10.25"]
[SourceQuality "1"]

1. d4 g6 2. Nf3 d6 3. Bf4 Bg7 4. e3 Nf6 5. Bd3 0-0 6. c3 c6 7. Nbd2 Qc7 8. 0-0 Nbd7 9. Qc2 e5 10. dxe5 dxe5 11. Bg3 Nh5 12. Ng5 Nc5 13. Bc4 b5 14. Bb3 Nxb3 15. Nxb3 h6 16. Ne4 Bf5 17. Nbc5 Rfd8 18. Rfd1 Rd5 19. b4 Nxg3 20. hxg3 Rad8 21. Qb3 a5 22. Rxd5 cxd5 23. Nd2 a4 24. Qd1 d4 25. cxd4 exd4 26. e4 Bc8 27. Rc1 Qd6 28. Nd3 h5 29. Rc5 Bg4 30. Qe1 Qb8 31. f4 Bf8 32. Rd5 Be6 33. Rxd8 Qxd8 34. a3 Qc8 35. f5 gxf5 36. exf5 Bxf5 37. Nc5 Bxc5 38. bxc5 Qxc5 39. Qe8+ Kg7 40. Nf3 d3+ 41. Kh2 Be6 42. Qd8 Qd5 43. Qa5 Bg4 44. Qc3+ Kf8 45. Qh8+ Ke7 46. Nd2 Bd7 47. Qb8 Bg4 48. Qc7+ Bd7 49. Qf4 Qd6 50. Qg5+ Ke8 51. Qxh5 Qxa3 52. Qh8+ Qf8 53. Qe5+ 1/2-1/2

[Event "Hamburg-ch Seniors 21st"]
[Site "Hamburg"]
[Date "2014.11.04"]
[Round "7"]
[White "Lange, Karl Heinz"]
[Black "Hotze, Kurt"]
[Result "0-1"]
[WhiteElo "1716"]
[BlackElo "1563"]
[PlyCount "66"]
[EventDate "2014.10.29"]
[EventType "swiss"]
[EventRounds "9"]
[EventCountry "GER"]
[SourceTitle "EXT 2018"]
[Source "ChessBase"]
[SourceDate "2017.10.13"]
[SourceVersion "1"]
[SourceVersionDate "2017.10.13"]
[SourceQuality "1"]

1. Nf3 d5 2. d4 c6 3. c4 e6 4. e3 Nf6 5. Nc3 Bb4 6. Bd2 0-0 7. a3 Bxc3 8. Bxc3 Ne4 9. Rc1 Nd7 10. Bd3 f5 11. 0-0 Rf6 12. Ne1 Rh6 13. Bxe4 fxe4 14. c5 Qh4 15. h3 Rg6 16. f3 Qxh3 17. Qc2 Nf6 18. Rf2 Qg3 19. Kf1 Rh6 20. Ke2 Rh2 21. Kd1 Bd7 22. Qe2 Be8 23. Rc2 Bh5 24. Kc1 Rf8 25. Qf1 Bg6 26. Rcd2 Qh4 27. g3 Rxf2 28. Qxf2 Qh1 29. f4 Ng4 30. Qg2 Qxe1+ 31. Rd1 Qxd1+ 32. Kxd1 Nxe3+ 33. Ke2 Nxg2 0-1

[Event "Pinneberg op Seniors 15th"]
[Site "Pinneberg"]
[Date "2014.??.??"]
[Round "5"]
[White "Hotze, Kurt"]
[Black "Zippert, Georg"]
[Result "0-1"]
[WhiteElo "1571"]
[BlackElo "1692"]
[PlyCount "73"]
[EventDate "2014.07.03"]
[EventType "swiss"]
[EventRounds "7"]
[EventCountry "GER"]
[SourceTitle "EXT 2017"]
[Source "ChessBase"]
[SourceDate "2016.10.25"]
[SourceVersion "1"]
[SourceVersionDate "2016.10.25"]
[SourceQuality "1"]

1. e4 e5 2. Nf3 Nc6 3. Bc4 d6 4. c3 Bg4 5. d3 Qd7 6. b4 Be7 7. a4 a6 8. 0-0 Nf6 9. Nbd2 0-0 10. Qb3 h6 11. Nh4 Bh5 12. Nf5 Bg6 13. Nh4 Bh7 14. Nhf3 Rad8 15. h3 d5 16. exd5 Nxd5 17. d4 exd4 18. Nxd4 Nxd4 19. cxd4 Nxb4 20. Nf3 b5 21. axb5 axb5 22. Be2 c6 23. Bb2 Be4 24. Ne5 Qd6 25. Bh5 Qd5 26. Qg3 Bd6 27. Ba3 Qxd4 28. Bxb4 Bxe5 29. Qb3 Bd5 30. Qa3 Rfe8 31. Rad1 Qf4 32. g3 Qf6 33. Rfe1 Ra8 34. Qe3 Ra4 35. f4 Bd4 36. Rxd4 Rxe3 37. Rxe3 0-1

[Event "Hamburg Seniors-ch 20th"]
[Site "Hamburg"]
[Date "2013.11.01"]
[Round "3"]
[White "Keuneke, Hanno"]
[Black "Hotze, Kurt"]
[Result "0-1"]
[WhiteElo "1767"]
[BlackElo "1567"]
[PlyCount "58"]
[EventDate "2013.10.30"]
[EventType "swiss"]
[EventRounds "9"]
[EventCountry "GER"]
[SourceTitle "EXT 2015"]
[Source "ChessBase"]
[SourceDate "2014.11.20"]
[SourceVersion "1"]
[SourceVersionDate "2014.11.20"]
[SourceQuality "1"]

1. e4 c5 2. Nf3 e6 3. d4 cxd4 4. Nxd4 a6 5. c4 Qc7 6. Nc3 Nc6 7. Be3 Nf6 8. Be2 Bb4 9. Qc2 Ne5 10. b3 Nxe4 11. Bd2 Nxd2 12. Qxd2 Qa5 13. Rc1 0-0 14. 0-0 b6 15. Nf3 Bb7 16. Nxe5 Qxe5 17. Rfe1 d5 18. Bf3 Qf6 19. Qd3 Rad8 20. cxd5 exd5 21. Nxd5 Bxd5 22. Bxd5 Bxe1 23. Rxe1 Qg5 24. Rd1 Kh8 25. Qf3 f6 26. Bc4 b5 27. Be2 Rxd1+ 28. Bxd1 Qd2 29. Qe2 Rd8 0-1

[Event "Pinneberg-ch"]
[Site "Pinneberg"]
[Date "2013.09.12"]
[Round "6"]
[White "Schoppe, Gottfried"]
[Black "Hotze, Kurt"]
[Result "1-0"]
[WhiteElo "1659"]
[BlackElo "1712"]
[PlyCount "76"]
[EventDate "2013.08.08"]
[EventType "swiss"]
[EventRounds "7"]
[EventCountry "GER"]
[SourceTitle "EXT 2017"]
[Source "ChessBase"]
[SourceDate "2016.10.25"]
[SourceVersion "1"]
[SourceVersionDate "2016.10.25"]
[SourceQuality "1"]

1. d4 Nf6 2. c4 e6 3. a3 d5 4. Nc3 Be7 5. Nf3 0-0 6. h3 c5 7. e3 Nc6 8. dxc5 Qa5 9. Bd2 Qd8 10. b4 dxc4 11. Bxc4 Nd7 12. Ne4 Qc7 13. Bc3 Rd8 14. Qb3 Nde5 15. Nd4 Nxd4 16. exd4 Nxc4 17. Qxc4 b6 18. c6 a6 19. a4 b5 20. axb5 axb5 21. Qxb5 Rb8 22. Qc4 f5 23. Ng3 Rd5 24. 0-0 f4 25. Nh1 Kf7 26. Ra5 Rd6 27. d5 Kg8 28. Be5 exd5 29. Rxd5 Be6 30. Bxd6 Bxd6 31. b5 f3 32. g3 Qc8 33. Qd3 Bxh3 34. Rxd6 Bg2 35. Rd1 Qh3 36. Rd8+ Rxd8 37. Qxd8+ Kf7 38. Qd7+ Qxd7 1-0